Trapped in Mediocrity (Record no. 222707)

MARC details
000 -LEADER
fixed length control field 00461nam a2200193Ia 4500
008 - FIXED-LENGTH DATA ELEMENTS--GENERAL INFORMATION
fixed length control field 240823s9999||||xx |||||||||||||| ||und||
020 ## - INTERNATIONAL STANDARD BOOK NUMBER
International Standard Book Number 978-1-4422-1547-4
082 ## - DEWEY DECIMAL CLASSIFICATION NUMBER
-- 370.973 P2
100 ## - MAIN ENTRY--PERSONAL NAME
Personal name Katherine Baird
245 #0 - TITLE STATEMENT
Title Trapped in Mediocrity
250 ## - EDITION STATEMENT
Edition statement 1st
260 ## - PUBLICATION, DISTRIBUTION, ETC. (IMPRINT)
Date of publication, distribution, etc 2012
Name of publisher, distributor, etc Rowman & Littlefield Publisher
500 ## - GENERAL NOTE
General note YES
650 ## - SUBJECT ADDED ENTRY--TOPICAL TERM
Topical term or geographic name as entry element Education
942 ## - ADDED ENTRY ELEMENTS (KOHA)
Item type Books
Holdings
Withdrawn status Lost status Damaged status Permanent location Current location Date acquired Source of acquisition Cost, normal purchase price Full call number Barcode Date last seen Koha item type
      CENTRAL LIBRARY, NOORUL ISLAM CENTRE FOR HIGHER EDUCATION CENTRAL LIBRARY, NOORUL ISLAM CENTRE FOR HIGHER EDUCATION 10/31/2015 "Book On Wheels, Tirunelveli" 990.00 370.973 P2 71697 08/23/2024 Books
Visitors:
Copyright © 2024 Central Library NICHE.  All rights reserved.